| 000 | 00825nam a22001937a 4500 | ||
|---|---|---|---|
| 999 |
_c62377 _d62377 |
||
| 003 | Ge_BSU | ||
| 005 | 20241018110206.0 | ||
| 008 | 241018b xxu||||| |||| 00| 0 geo d | ||
| 041 | _ageo | ||
| 080 | _a616-006.6-084 ბ-48 | ||
| 100 |
_aბენიაშვილი, ჯემალ _923436 |
||
| 245 |
_aკიბოს პროფილაქტიკა / _c ჯემალ ბენიაშვილი. |
||
| 264 |
_aთბ. : _bსაქ. კპ ცკ-ის გამ-ბა, _c1988. |
||
| 300 |
_a32 გვ. ; _b19 სმ. |
||
| 490 |
_aლექტორის დასახმარებლად / საქ. სსრ საზ-ბა "ცოდნა" ; _v9 |
||
| 653 | _aკიბოს პროფილაქტიკა | ||
| 653 | _aმედიცინა | ||
| 942 |
_2udc _cᲬᲘᲒᲜᲘ |
||